Statistics for Undertale facts (EXTREMELY HARD YOU NEED TO KNOW ALMOST EVERYTHING)

Click here to take the quiz!

General Stats

  • This quiz has been taken 2,767 times
    (2,764 since last reset)
  • The average score is 44 of 77

Answer Stats

QuestionAnswer% Correct
The First character you meet in the gameFlowey
99%
Ex-queen of the UndergroundToriel
97%
The skeleton with punsSans
96%
sans main themesans.
96%
Asgore's boss themeASGORE
95%
King of The UndergroundsAsgore Dreemurr
95%
The Main Characters NameFrisk
95%
The skeleton who loves SpaghettiPapyrus
95%
The leader of the Royal GuardUndyne
92%
The song that plays when undyne spots youUndyne
92%
Name of the first place you enterThe Ruins
91%
The Royal ScientistDr. Alphys
87%
The robot created by the royal scientistMettaton
86%
The Undyne fanboyMonster Kid
85%
Real name of the FlowerAsriel Dreemurr
83%
First Human to fall in the UndergroundChara
83%
The first monster you encounterFroggit/Whimsun
83%
The town that the skelebros live inSnowdin
82%
The name of the place the leader of the royal guard lives inWaterfall
80%
The ghost that lays on the leaves in your pathNapstablook
77%
The name of the place that the royal scientist lives inHotland
76%
sans boss themeMegalovania
76%
Temmie catchphraseHoI!
75%
Final form of the robotMettaton EX
75%
Red Soul ColorDetermination
74%
Form of robot seen in Genocide RunMettaton NEO
74%
Undyne with determination to liveUndyne the Undying
74%
Floweys Final FormOmega Flowey
72%
Song that plays when fighting AmalgamatesAmalgam
70%
Papyrus' boss themeBonetrousle
64%
Name of the MTT Resort ShopkeeperBurgerpants
63%
Name of a talking flowerEcho Flower
61%
Toriels boss themeHeartache
61%
The song that plays when you reach toriels houseHome
60%
Yellow Soul ColorJustice
57%
Green Soul ColorKindness
57%
Muffet's boss themeSpider Dance
57%
Orange Soul ColorBravery
56%
Name of the creatures that melted togetherAmalgamates
55%
Light Blue Soul ColorPatience
55%
Undyne's boss themeSpear of Justice
55%
The only place where you can sell stuffTemmie Village
55%
Mad dummy's boss themeDummy!
54%
The song that plays when fighting NapstablookGhost Fight
53%
Name of the turtle ShopkeeperGerson
51%
Mettaton Ex boss themeDeath by Glamour
50%
The song for the dogsDogsong
50%
The song in the beggining of the dateDating Start
47%
Toriels main themeFallen down
47%
Asriel's boss themeHopes and Dreams
45%
Blue Soul ColorIntegrity
45%
Mettaton's boss themeMetal Crusher
43%
The song that plays in the opening sequenceOnce Upon a Time
43%
Purple Soul ColorPerseverance
42%
Papyrus' main themeNyeh Heh HEH
41%
The song in the fight of the dateDating Fight
40%
Omega Flowey's boss themeYour best nightmare
40%
Undyne the Undying's boss themeBattle Against a True Hero
38%
The song that plays when having dinner with sansIts raining somewhere else
35%
The song that plays in the bridge while running from UndyneRun!
35%
The song in the tension of the dateDating Tense
33%
The song that plays when the snails raceThundersnail
33%
The song that plays in HotlandAnother Medium
29%
Mettaton Neo's boss themePower of NEO
29%
Song that plays when soul are giving you healthFinale
27%
The song that plays while you are in Napstablooks housePathetic House
25%
Song that plays before Asgore's fightBergentruckung
24%
The robots real nameHapstablook
24%
Song that plays when you reach True LabHere we are
24%
The song that plays when 01 confesses to 02Confession
22%
Undyne's main themeNGAHHH!
22%
The song that plays when fighting So SorryWrong Enemy
22%
The song that plays when you fall in the junkyardMemory
21%
Song that plays before Omega Flowey's fightYou Idiot
21%
The song that plays in Mettaton Quiz showIts showtime!
20%
song that plays in creditsBring it In, Guys!
18%
The song that plays before fight with Mettatton ExOh my....
16%

Score Distribution

Percentile by Number Answered

Percent of People with Each Score

Your Score History

You have not taken this quiz since the last reset